German Castles by Images - Statistics

General Stats
  • This quiz has been taken 24 times
  • The average score is 6 of 16
Answer Stats
Picture Answer % Correct
Neuschwanstein
100%
Heidelberg
85%
Hohenzollern
85%
Schwerin
75%
Eltz
70%
Nuremberg
55%
Lichtenstein
50%
Dresden
45%
Hohenschwangau
45%
Cochem
10%
Sigmaringen
10%
Glucksburg
5%
Rheinstein
5%
Frankenstein
0%
Mespelbrunn
0%
Wernigerode
0%
No matching quizzes found
Score Distribution
Percent of People with Each Score
Percentile by Number Answered
Your Score History
You have not taken this quiz